| 000 | 00863cam a22002651 4500 | ||
|---|---|---|---|
| 999 |
_c127421 _d127421 |
||
| 001 | 6207282 | ||
| 003 | ARRUPE | ||
| 005 | 20180117111856.0 | ||
| 008 | 730410s1970 xx 000 0 fre | ||
| 010 | _a 74538358 | ||
| 035 | _a(OCoLC)600010 | ||
| 040 |
_aDLC _cOSW _dDLC |
||
| 042 | _apremarc | ||
| 050 | 0 | 0 |
_aBT198 _b.E9 |
| 100 | 1 |
_aEvdokimov, Paul, _d1901-1970. _938569 |
|
| 245 | 1 | 3 |
_aLe Christ dans la pensée russe _cPaul Evdokimov. |
| 260 |
_aParis, _bÉditions du Cerf _c1970 |
||
| 300 |
_a244 p. _c20 cm. |
||
| 490 | 0 | _aThéologie sans frontieres, 14. Série orthodoxe | |
| 504 | _aBibliography: p. [217]-242. | ||
| 600 | 0 | 0 |
_aJesus Christ _xHistory of doctrines. _97447 |
| 650 | 0 |
_aReligious thought _zSoviet Union. _938570 |
|
| 906 |
_a7 _bcbc _coclcrpl _du _encip _f19 _gy-gencatlg |
||
| 942 |
_2lcc _cMONOGRAPH |
||